Экспедиция к устью реки Лены в связи с использованием Северного морского пути: краткий отчет Начальника Экспедиции с тремя листами карт.: сообщение, сделанное в Иркутском музее Восточно-Сибирского отдела Русского географического общества на общем собрании членов Института Исследования Сибири 15-го ноября 1919 г. на общем собрании членов Географического Общества 6-го декабря 1919 г.

Bibliographische Detailangaben
1. Verfasser: Матисен Ф. А.
Sprache:Russisch
Veröffentlicht: Иркутск, Типо-Литография Рупвода., 1921
Schlagworte:
Format: Buch
KOHA link:https://koha.lib.tpu.ru/cgi-bin/koha/opac-detail.pl?biblionumber=357023

MARC

LEADER 00000nbm0a2200000 4500
001 357023
005 20231102010941.0
035 |a (RuTPU)RU\TPU\retro\14283 
090 |a 357023 
100 |a 20200727d1921 km y0rusy50 ca 
101 0 |a rus 
102 |a RU 
105 |a b z 001zy 
200 1 |a Экспедиция к устью реки Лены в связи с использованием Северного морского пути: краткий отчет Начальника Экспедиции с тремя листами карт.  |e сообщение, сделанное в Иркутском музее Восточно-Сибирского отдела Русского географического общества на общем собрании членов Института Исследования Сибири 15-го ноября 1919 г. на общем собрании членов Географического Общества 6-го декабря 1919 г.  |f Ф. А. Матисен 
210 |a Иркутск  |c Типо-Литография Рупвода.  |d 1921 
215 |a 58 с.  |c карты 
606 1 |a Географические открытия и исследования  |x История  |2 stltpush  |3 (RuTPU)RU\TPU\subj\5915  |9 33899 
606 1 |a Экономическая география  |y Азиатская часть РФ  |y Сибирь  |y Дальний Восток  |2 stltpush  |3 (RuTPU)RU\TPU\subj\37367  |9 58394 
610 1 |a Северный морской путь 
610 1 |a груз 
610 1 |a морская доставка 
610 1 |a судоходство 
610 1 |a речные путешествия 
610 1 |a изучение 
610 1 |a коммерческие цели 
610 1 |a товарообмен 
675 |a 910.4  |v 4 
675 |a 911.3  |v 4 
700 1 |a Матисен  |b Ф. А. 
801 1 |a RU  |b 63413507  |c 20200727 
801 2 |a RU  |b 63413507  |c 20200914  |g RCR 
942 |c BK